Statistics for Lyrics: Bad Life - Bring Me The Horizon & Sigrid

Click here to take the quiz!

General Stats

  • This quiz has been taken 29 times
  • The average score is 30 of 39

Answer Stats

LyricsAnswer% Correct
Everyone's ______, a little ______damaged depressed
90%
It's just a ___ ___, not a bad lifebad day
86%
It's just a ___ ___, not a bad lifebad day
86%
It's just a ___ ___, not a bad lifebad day
86%
It's just a ___ ___, not a bad lifebad day
86%
It's just a ___ ___, not a bad lifebad day
86%
Yeah, it's just a ___ ___, not a bad lifebad day
86%
Some days I'm a ___, brush my teeth in the darkloser
86%
I fake a ___ and fall apartsmile
86%
When the ____ is on your _______world shoulders
86%
When the ___ is on your _______world shoulders
86%
When the ___ is on your _______world shoulders
86%
Well, I know that you're ___, thing will always be this wayafraid
81%
Well, I know that you're ___, things will always be this wayafraid
81%
Well, I know that you're ___, things will always be this wayafraid
81%
'Cause I'm my own worst _____enemy
81%
Ooh, it's ___ to get up out of __ when everything is on its headhard bed
81%
And I know it feels so ________hopeless
81%
And I know it feels so ________hopeless
81%
Head above water in a swimming pool of ___sharks
81%
And the ____ of your own heart is too much to ___weight bear
81%
And the ____ of your own heart is too much to ___weight bear
81%
And the ____ of your own heart is too much to ___weight bear
81%
No matter how hard I try I always ___ ______come undone
76%
Watching myself become a ______ of _______shadow someone
76%
So tonight I'll go to __ with mewar
76%
And I know how ____ you are to the ____ right nowclose edge
71%
And I know how ____ you are to the ____ right nowclose edge
71%
And _____ seems to make any ____nothing sense
71%
Backed in a corner, _________ ____uncomfortably numb
71%
So I ____ this ____ to say, things won't always be this way, nowrote song
71%
So I ____ this ____ to say, things won't always be this way, nowrote song
71%
And I don't wanna ____ anymorefight
67%
And no one ever knows I'm a ___wreck
67%
Everything's ________ and I'm hanging onbackwards
62%
Oh, it's hard to find a _____ to ____place hide
62%
Every now and then we get that _____ in our ____feeling chests
57%
Like a ______ on a _______ heart,band-aid bleeding
52%
When you're ______ from what's _____running inside
52%

Score Distribution

Percentile by Number Answered

Percent of People with Each Score

Your Score History

You have not taken this quiz